Buch, ¿Qué hiciste con tus hermanos? /
Uloženo v:
| Hlavní autor: | |
|---|---|
| Médium: | Text |
| Témata: | |
| Tagy: |
Přidat tag
Žádné tagy, Buďte první, kdo vytvoří štítek k tomuto záznamu!
|
MARC
| LEADER | 00000 a a2200000 04500 | ||
|---|---|---|---|
| 001 | 18251 | ||
| 003 | |||
| 040 | |||
| 100 | |a Boff, Leonardo | ||
| 245 | |a Buch, ¿Qué hiciste con tus hermanos? / |c Leonardo Boff | ||
| 650 | |a GUERRA | ||
| 650 | |a ESTADOUNIDENSES | ||
| 773 | |g número 95; páginas 98-99 | ||
| 999 | |c 34996 |d 34996 | ||
